000
00210nam a22000857a 4500
008
170302b xxu||||| |||| 00| 0 eng d
100
_9
2998
_a
Alcott.L.M
245
_a
Little Woman
260
_a
New Delhi
_b
S.Chand
_c
2009
999
_c
6241
_d
6241